[Event "MCR mladeze, Kouty 2018 - D14"]
[Site "Kouty nad Desnou"]
[Date "2018.03.12"]
[Round "4"]
[White "Rolinkova, Lucie"]
[Black "Lhotska, Anna"]
[Result "1-0"]
[WhiteElo "1444"]
[BlackElo "1647"]
[EventDate "2018.03.10"]

1. e4  c5  2. Nf3  d6
3. d4  cxd4  4. Nxd4
Nf6  5. Nc3  Nc6
6. Be2  e5  7. Nb3
Be6  8. O-O  Be7
9. f4  O-O  10. f5
Bc8  11. Qd3  a5
12. Qg3  g6  13. Bh6
Re8  14. Bc4  Nh5
15. fxg6  Qb6+  16. Be3
Nxg3  17. gxf7+  Kf8
18. fxe8=Q+  Kxe8  19. Bxb6
Nxf1  20. Bxf1  a4
21. Nd2  a3  22. b3
Nb4  23. Bd3  Bg5
24. Nf3  Bh6  25. Nd5
Nxd5  26. exd5  Bd7
27. Bxh7  Ke7  28. Re1
Rf8  29. Nxe5  dxe5
30. Bc5+  Kf6  31. Rf1+ 1-0

[Event "MCR mladeze, Kouty 2018 - D14"]
[Site "Kouty nad Desnou"]
[Date "2018.03.12"]
[Round "4"]
[White "Saskova, Renata"]
[Black "Dudova, Pavlina"]
[Result "1/2-1/2"]
[WhiteElo "1307"]
[BlackElo "1526"]
[EventDate "2018.03.10"]

1. e4  e5  2. Nf3  Nc6
3. d4  exd4  4. Nxd4
Nf6  5. Nc3  Bb4
6. Nxc6  bxc6  7. Bd3
d5  8. exd5  cxd5
9. O-O  O-O  10. Bd2
c6  11. a3  Bd6
12. Ne2  Qc7  13. Ng3  Re8
14. Bc3  Be5  15. Qd2
Bxc3  16. Qxc3  Rb8
17. b4  Qd6  18. Rfe1
Rxe1+  19. Rxe1  g6
20. Qd4  a6  21. c4
h5  22. c5  Qd8
23. Qf4  Bb7  24. h3  Ra8
25. a4  1/2-1/2

[Event "MCR mladeze, Kouty 2018 - D14"]
[Site "Kouty nad Desnou"]
[Date "2018.03.12"]
[Round "4"]
[White "Malkova, Adriana"]
[Black "Ruzickova, Ema"]
[Result "1/2-1/2"]
[WhiteElo "1486"]
[BlackElo "1306"]
[EventDate "2018.03.10"]

1. e4  e5  2. Nf3  Nc6
3. d4  exd4  4. Bc4
Nf6  5. O-O  Nxe4
6. Re1  d5  7. Bxd5
Qxd5  8. Nc3  Qh5
9. Nxe4  Be6  10. Bg5
Bd6  11. Nxd6+  cxd6
12. Bf4  O-O-O  13. Nxd4
Qxd1  14. Raxd1  Nxd4
15. Rxd4  d5  16. Re3
Kd7  17. Rb3  b6
18. Be3  Rc8  19. Ra4
Rc7  20. Kf1  Rb7
21. Bd4  f6  22. Rc3
Rc8  23. Rxc8  Kxc8
24. Be3  Rc7  25. c3
Kb7  26. Ke2  Rc4
27. Rxc4  dxc4  28. Bd4
a5  29. g3  b5
30. a3  Kc6  31. Ke3  Kd5
32. f4  Bf5  33. Bb6
a4  34. Bd4  Ke6
35. h4  h5  36. Bc5
Bd3  37. Bf8  g6
38. Bc5  Kd5  39. Bd4
f5  40. Bb6  Be4 1/2-1/2

[Event "MCR mladeze, Kouty 2018 - D14"]
[Site "Kouty nad Desnou"]
[Date "2018.03.12"]
[Round "4"]
[White "Habinova, Alice"]
[Black "Leksova, Sona"]
[Result "1-0"]
[WhiteElo "1327"]
[BlackElo "1382"]
[EventDate "2018.03.10"]

1. e4  e5  2. f4  exf4
3. Nf3  Ne7  4. d4
d6  5. Bxf4  Bg4
6. Bc4  Bxf3  7. Qxf3
c5  8. dxc5  Qa5+
9. Nc3  Qxc5  10. Bxf7+
Kd8  11. Bxd6  Qb6
12. Bxb8  Rxb8  13. O-O-O+
Kc7  14. Qf4+  Kc8
15. Qg4+  1-0

[Event "MCR mladeze, Kouty 2018 - D14"]
[Site "Kouty nad Desnou"]
[Date "2018.03.12"]
[Round "4"]
[White "Markova, Katerina"]
[Black "Vavrinkova, Anna"]
[Result "1-0"]
[WhiteElo "1129"]
[BlackElo "1565"]
[EventDate "2018.03.10"]

1. e4  e5  2. f4  d6
3. Nf3  Bg4  4. Bc4
exf4  5. d4  g5
6. h4  gxh4  7. Bxf4  Bg7
8. Bg5  Qd7  9. Qd3
c6  10. Nc3  Qc7
11. O-O-O  Nd7  12. Rhe1
Bf6  13. Bxf6  Ngxf6
14. e5  dxe5  15. dxe5
Nh5  16. Bxf7+  Kxf7
17. e6+  Kf8  18. exd7
Rd8  19. Qe3  Qf4
20. Qxf4+  Nxf4  21. Re4
Bxf3  22. Rxf4+ 1-0

[Event "MCR mladeze, Kouty 2018 - D14"]
[Site "Kouty nad Desnou"]
[Date "2018.03.12"]
[Round "4"]
[White "Capkova, Hana"]
[Black "Vsetulova, Viktorie"]
[Result "0-1"]
[WhiteElo "1099"]
[BlackElo "1457"]
[EventDate "2018.03.10"]

1. e4  c5  2. f4  d6
3. Nf3  Nf6  4. Nc3
Nc6  5. Bc4  Nxe4
6. O-O  Nxc3  7. dxc3
g6  8. Ng5  e6
9. Qf3  Bg7  10. Bd2  O-O
11. Qh3  h5  12. g4
Bh6  13. gxh5  e5
14. f5  Bxf5  15. Qf3
Bxg5  16. Rf2  Bxd2
17. Rxd2  Qg5+  18. Rg2
Qf4  19. Qd5  Be6
20. Qxd6  Qxc4  21. hxg6
Qd5  22. gxf7+  Kh7
23. Rd1  Qxd6  24. Rxd6
Bxf7  25. Rd3  Bg6
26. Rdg3  Rad8  27. Rxg6
Rd1# 0-1

[Event "MCR mladeze, Kouty 2018 - D14"]
[Site "Kouty nad Desnou"]
[Date "2018.03.12"]
[Round "4"]
[White "Pluharova, Asja"]
[Black "Sevelova, Anna"]
[Result "1/2-1/2"]
[WhiteElo "1159"]
[BlackElo "1000"]
[EventDate "2018.03.10"]

1. e4  e5  2. Nf3  Nc6
3. d4  f6  4. dxe5
fxe5  5. Bc4  Nf6
6. Nc3  Bc5  7. O-O
d6  8. Bg5  Bg4
9. a3  Qe7  10. Qe2  O-O-O
11. Rad1  h6  12. Be3
g5  13. b4  Bb6
14. b5  Na5  15. Nd5  Nxd5
16. Bxd5  Rdf8  17. h3
Bh5  18. g4  Bf7
19. c4  Rfg8  20. Nd2
h5  21. Rb1  Qd7
22. Nb3  Rh6  23. Nxa5
Bxa5  24. Bxa7  Rgh8
25. Qf3  R6h7  26. Qf5
Bxd5  27. Qxd7+  Kxd7
28. cxd5  hxg4  29. hxg4
c5  30. Kg2  Rh2+
31. Kf3  Rf8+  32. Ke3
Rh3+  33. Ke2  Rff3
34. Rh1  Rxa3  35. Rxh3
Rxh3  36. b6  c4
37. Rc1  c3  38. Kd1
1/2-1/2

[Event "MCR mladeze, Kouty 2018 - D14"]
[Site "Kouty nad Desnou"]
[Date "2018.03.12"]
[Round "4"]
[White "Vahalova, Veronika"]
[Black "Souckova, Viktorie"]
[Result "0-1"]
[WhiteElo "1000"]
[BlackElo "1126"]
[EventDate "2018.03.10"]

1. e4  e5  2. Nf3  Nc6
3. Bc4  d6  4. d3
Bg4  5. h3  Bh5
6. g4  Bg6  7. Bg5  Nf6
8. Nc3  h6  9. Be3
Nd7  10. Nd5  Nb6
11. Bb3  Na5  12. Qd2
Nxb3  13. axb3  Nxd5
14. exd5  Be7  15. O-O-O
a5  16. h4  e4
17. dxe4  Bxe4  18. Rh3  Bxf3
19. Rxf3  Bxh4  20. Re1
O-O  21. Rh3  a4
22. bxa4  Rxa4  23. Qd3
Qf6  24. g5  Bxg5
25. Rg1  Ra1+  26. Kd2
Bxe3+  27. Qxe3  Rxg1
28. c3  Qf5  29. Rf3
Qb1  30. Qd4  Rd1+
31. Ke3  Rxd4  32. Kxd4
Qxb2  33. Kc4  Qe2+
34. Rd3  Qa2+  35. Kb4
Qxf2  36. Rd1  Qc5+
37. Kb3  Ra8  38. Kc2
Ra2+  39. Kd3  Qxd5+
40. Ke3  Qxd1  41. c4
Re2+  42. Kf4  Qf1+
43. Kg3  Rg2+  44. Kh4
Qh1#  0-1

[Event "MCR mladeze, Kouty 2018 - D14"]
[Site "Kouty nad Desnou"]
[Date "2018.03.12"]
[Round "4"]
[White "Drahonovska, Veronika"]
[Black "Londinova, Jasmina Marie"]
[Result "1-0"]
[WhiteElo "1092"]
[BlackElo "1122"]
[EventDate "2018.03.10"]

1. d4  d5  2. c4  Nf6
3. Nc3  Bf5  4. Bg5
e6  5. Nf3  Bb4
6. e3  c6  7. Bd3  Bxd3
8. Qxd3  h6  9. Bf4
Nbd7  10. O-O  Be7
11. c5  O-O  12. Be5
Nxe5  13. Nxe5  Nd7
14. b4  b6  15. Nxc6
Qe8  16. Nb5  Rc8
17. Nbxa7  Rc7  18. Qa6
bxc5  19. bxc5  Bd8
20. Nb5  Rxc6  21. Qxc6
Be7  22. Nd6  Bxd6
23. Qxd6  Qc8  24. c6
Nf6  25. Rac1  Qa6
26. Rc2  Rc8  27. Rfc1
Qb6  28. Qa3  Ne8
29. Qb3  Qa6  30. Qb7
Qxb7  31. cxb7  Rb8
32. Rc8  Rxb7  33. Rxe8+
Kh7  34. g4  Kg6
35. h4  Ra7  36. Kg2
Rxa2  37. Rc7  Ra6
38. Ree7  Ra8  39. Rxf7
Rg8  40. f4  Kh7
41. h5  Kh8  42. g5
hxg5  43. fxg5  Kh7
44. h6  Kg6  45. Rxg7+
Rxg7  46. hxg7  Kxg5
47. g8=Q+ 1-0

[Event "MCR mladeze, Kouty 2018 - D14"]
[Site "Kouty nad Desnou"]
[Date "2018.03.13"]
[Round "5"]
[White "Rolinkova, Lucie"]
[Black "Gregurkova, Nikola"]
[Result "0-1"]
[WhiteElo "1444"]
[BlackElo "1579"]
[EventDate "2018.03.10"]

1. e4  e5  2. Nf3  Nc6
3. Bc4  Nf6  4. Nc3
Nxe4  5. Nxe4  d5
6. Bxd5  Qxd5  7. Nc3
Qd8  8. O-O  Bd6
9. Re1  O-O  10. d3
Bg4  11. Ne4  Nd4
12. Ned2  Re8  13. c3
Nxf3+  14. Nxf3  Qf6
15. Be3  Bxf3  16. Qxf3
Qxf3  17. gxf3  a6
18. Rad1  Rad8  19. b4
b5  20. Bc1  f6
21. a3  c5  22. Be3  Rc8
23. Rc1  Rc7  24. Bxc5
Bxc5  25. bxc5  Rxc5
26. d4  Rc4  27. Re3
Kf7  28. Rce1  Rcc8
29. dxe5  Rxe5  30. Rxe5
fxe5  31. Re3  Kf6
32. a4  bxa4  33. Re4
Rxc3  34. f4  a3
35. fxe5+  Ke6  36. Ra4
Kxe5  37. Kg2  Kd5
38. Rxa6  Kc4  39. Ra7
Kb3  40. Rxg7  a2
41. Ra7  Kb2  42. f3
a1=Q  43. Rxa1  Kxa1
44. Kg3  Kb2  45. Kg4
Rc7  46. f4  Kc3
47. Kg5  Kd4  48. h4
Ke4  49. h5  Rc6
0-1

[Event "MCR mladeze, Kouty 2018 - D14"]
[Site "Kouty nad Desnou"]
[Date "2018.03.13"]
[Round "5"]
[White "Stastna, Martina"]
[Black "Habinova, Alice"]
[Result "1-0"]
[WhiteElo "1531"]
[BlackElo "1327"]
[EventDate "2018.03.10"]

1. e4  c5  2. Nf3  Nc6
3. c3  d5  4. exd5
Qxd5  5. d4  Bg4
6. Be2  Nf6  7. Be3
cxd4  8. cxd4  e6
9. O-O  Bb4  10. Nc3
Qd6  11. Nb5  Qb8
12. h3  Bh5  13. Rc1
a6  14. Nc3  O-O
15. Qc2  Qd6  16. Rfd1
Rfd8  17. Na4  Rac8
18. Nb6  Rc7  19. Nc4
Qe7  20. Bf4  e5
21. dxe5  Rxd1+  22. Rxd1
b5  23. exf6  Qxf6
1-0

[Event "MCR mladeze, Kouty 2018 - D14"]
[Site "Kouty nad Desnou"]
[Date "2018.03.13"]
[Round "5"]
[White "Dudova, Pavlina"]
[Black "Malkova, Adriana"]
[Result "0-1"]
[WhiteElo "1526"]
[BlackElo "1486"]
[EventDate "2018.03.10"]

1. e4  d6  2. d4  Nf6
3. Nc3  c6  4. f4
Qa5  5. Bd3  e5
6. Be3  exf4  7. Bxf4  Qb4
8. Nge2  Bg4  9. h3
Bxe2  10. Kxe2  Qxd4
11. Re1  Nbd7  12. Kf1
O-O-O  13. a4  d5
14. Be3  Qe5  15. exd5
Nxd5  16. Nxd5  Qxd5
17. c3  Bc5  18. Bxc5
Nxc5  19. Bc2  Qxd1
20. Raxd1  Rxd1  21. Rxd1
Rd8  22. Rxd8+  Kxd8
23. Ke2  Ke7  24. Ke3
Kf6  25. b4  Ne6
26. Bd3  Ke5  27. g3
f5  28. h4  g5
29. hxg5  Nxg5  30. c4  h6
31. a5  b6  32. axb6
axb6  33. b5  c5
34. Bc2  Ne6  35. Bd1
f4+  36. gxf4+  Nxf4
37. Bf3  h5  38. Bc6
h4  39. Bf3  h3
40. Bc6  h2  41. Bf3  Ne6
42. Bd5  Nd4  43. Bb7
Nf5+  44. Kf2  Kd4
45. Kg2  Kxc4  46. Bc6
Nd6  47. Kxh2  Nxb5
0-1

[Event "MCR mladeze, Kouty 2018 - D14"]
[Site "Kouty nad Desnou"]
[Date "2018.03.13"]
[Round "5"]
[White "Ruzickova, Ema"]
[Black "Saskova, Renata"]
[Result "1-0"]
[WhiteElo "1306"]
[BlackElo "1307"]
[EventDate "2018.03.10"]

1. e4  c5  2. Nf3  d6
3. d4  cxd4  4. Nxd4
e6  5. Nc3  Nf6
6. g4  e5  7. Nf5  g6
8. Ne3  Nc6  9. h3
Be6  10. Ned5  Nd4
11. Be3  Bxd5  12. Nxd5
Ne6  13. Bb5+  Nd7
14. c4  Be7  15. Qa4
Nc7  16. Bxd7+  Qxd7
17. Nxc7+  Kd8  18. Qxd7+
Kxd7  19. Nxa8  Rxa8
20. O-O-O  Ke8  21. b3
a6  22. f4  Rc8
23. fxe5  dxe5  24. Kb1  b5
25. cxb5  axb5  26. Rd5
Rc3  27. Bd2  Rg3
28. Rxe5  Kd8  29. Rxb5
Rg2  30. Bc1  Bf6
31. e5  Bg7  32. a4
Re2  33. a5  Bxe5
34. a6  Bd4  35. Rd1
Kc7  36. Rxd4  Re8
37. a7  Ra8  38. Ra4
f6  39. Bf4+  Kc6
40. Rb8  Rxa7  41. Rxa7
g5  42. Rc7+  Kd5
43. Bxg5  fxg5  44. Rb5+
Kd6  45. Rxh7  Kc6
46. Rxg5  Kd6  47. Rh6+
Ke7  48. Rg7+  Kf8
49. Rb7  Kg8  50. Rhh7
Kf8  51. Rh8# 1-0

[Event "MCR mladeze, Kouty 2018 - D14"]
[Site "Kouty nad Desnou"]
[Date "2018.03.13"]
[Round "5"]
[White "Lhotska, Anna"]
[Black "Markova, Katerina"]
[Result "1-0"]
[WhiteElo "1647"]
[BlackElo "1129"]
[EventDate "2018.03.10"]

1. d4  d6  2. e4  e5
3. dxe5  dxe5  4. Qxd8+
Kxd8  5. Nc3  Nf6
6. Bc4  Nc6  7. Bxf7
Nd4  8. Bb3  Bg4
9. f3  Bh5  10. Bg5
Kc8  11. O-O-O  h6
12. Bh4  Bb4  13. Nge2
Nxe2+  14. Nxe2  g5
15. Bg3  g4  16. Be6+
Kb8  17. Rd3  a6
18. Bxe5  Rf8  19. Ng3
Be8  20. Rhd1  Ba5
21. Rd8+  Ka7  22. Rxa8+
Kxa8  23. Rd8+  Ka7
24. Bxf6 1-0

[Event "MCR mladeze, Kouty 2018 - D14"]
[Site "Kouty nad Desnou"]
[Date "2018.03.13"]
[Round "5"]
[White "Vsetulova, Viktorie"]
[Black "Drahonovska, Veronika"]
[Result "1-0"]
[WhiteElo "1457"]
[BlackElo "1092"]
[EventDate "2018.03.10"]

1. e4  c5  2. d4  cxd4
3. c3  e6  4. Nf3
Nc6  5. cxd4  Nf6
6. Nc3  Bb4  7. Bd3
h6  8. O-O  O-O
9. Bc2  d6  10. Be3  b6
11. Qc1  Ng4  12. Bd2
e5  13. dxe5  Ncxe5
14. h3  Nxf3+  15. gxf3
Ne5  16. Bxh6  Bxh3
17. Qf4  Nxf3+  18. Qxf3
Qh4  19. Bf4  Bxf1
20. Kxf1  Rfe8  21. Ke2
Bxc3  22. bxc3  Rad8
23. Rh1  Qe7  24. Kf1
g6  25. Qh3  f5
26. Qh8+  Kf7  27. Rh7+  Ke6
28. Rxe7+  Kxe7  29. Qg7+
Ke6  30. Bb3+  1-0

[Event "MCR mladeze, Kouty 2018 - D14"]
[Site "Kouty nad Desnou"]
[Date "2018.03.13"]
[Round "5"]
[White "Leksova, Sona"]
[Black "Souckova, Viktorie"]
[Result "1-0"]
[WhiteElo "1382"]
[BlackElo "1126"]
[EventDate "2018.03.10"]

1. e4  e5  2. Nf3  Nc6
3. Bb5  Bd6  4. c3
Nf6  5. d3  a6
6. Bxc6  dxc6  7. Bg5  h6
8. Bh4  Bg4  9. Nbd2
Qe7  10. Qb3  O-O-O
11. h3  Bxf3  12. Nxf3
Bc5  13. O-O-O  g5
14. Bg3  Bd6  15. Rhe1
Nh5  16. Bh2  Nf4
17. Bxf4  exf4  18. d4
f6  19. e5  fxe5
20. Nxe5  Bxe5  21. Rxe5
Qf6  22. Qe6+  Qxe6
23. Rxe6  Rde8  24. Rde1
Rxe6  25. Rxe6  Kd7
26. Re5  Re8  27. Rxe8
Kxe8  28. Kd2  Ke7
29. Kd3  Kd6  30. Ke4
Ke6  31. c4  Kf6
32. f3  b6  33. a4
a5  34. Kd3  Ke6
35. b3  Kd6  36. Ke4
c5  37. d5  Ke7
38. Kf5  Kf7  39. h4  gxh4
40. Kxf4  Kf6  41. Kg4
h5+  42. Kxh5  Ke5
43. Kxh4  Kd4  44. g4
Kc3  45. g5  Kxb3
46. g6  Kxc4  47. g7
1-0

[Event "MCR mladeze, Kouty 2018 - D14"]
[Site "Kouty nad Desnou"]
[Date "2018.03.13"]
[Round "5"]
[White "Sevelova, Anna"]
[Black "Vavrinkova, Anna"]
[Result "0-1"]
[WhiteElo "1000"]
[BlackElo "1565"]
[EventDate "2018.03.10"]

1. e4  c6  2. Bc4  d5
3. Bb3  dxe4  4. Nc3
Nf6  5. d3  exd3
6. cxd3  Bf5  7. Bc2
e6  8. Nf3  h6
9. O-O  Bb4  10. Re1  O-O
11. Bd2  Bxd3  12. Bxd3
Qxd3  13. a3  Ba5
14. Re3  Qd8  15. b4
Bb6  16. Re2  Qe7
17. Rc1  Rd8  18. Qc2
Nbd7  19. Rd1  Nd5
20. Nxd5  cxd5  21. Qb2
Nf6  22. Be1  Rac8
23. Rdd2  Ne4  24. Rc2
Qf6  25. Qa2  a6
26. Kh1  Nd6  27. h3
Nf5  28. Qb1  Nd4
29. Nxd4  Bxd4  30. Qd1
Bb6  31. Bd2  Rxc2
32. Qxc2  d4  0-1

[Event "MCR mladeze, Kouty 2018 - D14"]
[Site "Kouty nad Desnou"]
[Date "2018.03.13"]
[Round "5"]
[White "Pluharova, Asja"]
[Black "Merinska, Julie"]
[Result "1-0"]
[WhiteElo "1159"]
[BlackElo "1135"]
[EventDate "2018.03.10"]

1. e4  e5  2. Nf3  Nc6
3. d4  exd4  4. Nxd4
Qh4  5. Nc3  Bb4
6. Nxc6  Qxe4+  7. Qe2
Qxe2+  8. Bxe2  dxc6
9. Bd2  Bxc3  10. Bxc3
f6  11. O-O-O  Be6
12. Rhe1  Kf8  13. Bb4+
Ne7  14. b3  Re8
15. Bf3  Bf7  16. Rd7
g6  17. Bxe7+  Kg7
18. Rxc7  h5  19. Rxb7
g5  20. Bxc6  Rc8
21. Bd7  Ra8  22. c4
g4  23. Kc2  Bg6+
24. Kc3  f5  25. Bg5
Raf8  26. Be6+  Bf7
27. Bxf5  h4  28. Bxg4
Rh7  29. c5  Kg6
30. Be3  Be8  31. Rb8
Rhf7  32. Bd4  Bc6
33. Re6+  Kg5  34. Rxc6
Kxg4  35. Rxf8  Rxf8
36. Re6  Rc8  37. Re4+
Kh5  38. g4+  Kg6
39. f4  Rg8  40. f5+
Kg5  41. f6  Rf8
42. c6  Rf7  43. Be5
h3  44. c7  Rf8
45. Bd6  Rxf6  46. c8=Q Rxd6  47.
Qg8+  Rg6  48. Re5+  Kf6
49. Qe6+  Kg7  50. Qe7+
Kh6  51. Qf8+  Rg7
52. Qh8+  Kg6  53. Qh5+
Kf6  54. Qf5# 1-0

[Event "MCR mladeze, Kouty 2018 - D14"]
[Site "Kouty nad Desnou"]
[Date "2018.03.13"]
[Round "5"]
[White "Vahalova, Veronika"]
[Black "Capkova, Hana"]
[Result "0-1"]
[WhiteElo "1000"]
[BlackElo "1099"]
[EventDate "2018.03.10"]

1. e4  c5  2. Nf3  Nc6
3. d4  cxd4  4. Nxd4
a6  5. Be3  Qc7
6. Nc3  b5  7. Be2  Bb7
8. O-O  Nf6  9. f4
d6  10. Qe1  Nb4
11. Rd1 Nc6  12. Qh4  e5
13. fxe5  dxe5  14. Nf5
Ne7  15. Ng3  Ng6
16. Qh3  Bc8  17. Nd5
Qc6  18. Nxf6+  Qxf6
19. Qh5  Qc6  20. Qf3
Be6  21. Bg5  Bc5+
22. Kh1  O-O  23. Qh5
f5  24. exf5  Bd5
25. Bf3  Bxf3  26. gxf3
Nf4  27. Qg4  Be3
28. Bh6  Qxh6  29. Rd7
Ra7  30. f6  Rxf6
31. Rfd1  Nh3  32. Nh5 Nf2+
33. Kg2  Nxg4  34. Ng3
Qxh2+  35. Kf1  Qf2#
0-1

[Event "MCR mladeze, Kouty 2018 - D14"]
[Site "Kouty nad Desnou"]
[Date "2018.03.14"]
[Round "6"]
[White "Gregurkova, Nikola"]
[Black "Malkova, Adriana"]
[Result "1/2-1/2"]
[WhiteElo "1579"]
[BlackElo "1486"]
[EventDate "2018.03.10"]

1. e4  c5  2. Nf3  e6
3. d4  cxd4  4. Nxd4
a6  5. Bd3  Qc7
6. Be3  b5  7. Nc3  Bb7
8. Qd2  Bb4  9. a3
Bxc3  10. Qxc3  Qxc3+
11. bxc3  Nf6  12. f3
d5  13. e5  Nfd7
14. f4  Nc5  15. Nb3
Nxb3  16. cxb3  Nc6
17. Bd4  Rc8  18. Kd2
Nxd4  19. cxd4  Kd7
20. Rac1  Rxc1  21. Rxc1
Rc8  22. Rxc8  Bxc8
23. Bxh7  g6  24. h4
Ke7  25. h5  gxh5
26. Bd3  f5  27. g3
Bd7  28. Be2  Be8
29. Kc3  a5  30. b4
a4  31. Kd2  Kf8
32. Ke3  Kg7  33. Kf2
Kh7  34. Kg2  Kg7
35. Kh3  Kh7  36. Kh4
Kh6  37. Bf3  Bf7
38. Bd1  Bg6  39. Be2
Be8  40. Bd3  Bd7
41. Bf1  Bc6  42. Bg2
Be8  43. Bh3  Bd7
44. Bf1  Bc6  45. Bd3
Bd7  46. Bc2  Be8
47. Bb1  Bd7  1/2-1/2

[Event "MCR mladeze, Kouty 2018 - D14"]
[Site "Kouty nad Desnou"]
[Date "2018.03.14"]
[Round "6"]
[White "Stastna, Martina"]
[Black "Rolinkova, Lucie"]
[Result "1-0"]
[WhiteElo "1531"]
[BlackElo "1444"]
[EventDate "2018.03.10"]

1. e4  c5  2. Nf3  d6
3. c3  Bg4  4. Be2
e5  5. d4  cxd4
6. cxd4  Nd7  7. O-O  Ngf6
8. Nc3  Be7  9. dxe5
dxe5  10. Qb3  Nc5
11. Bb5+  Kf8  12. Qc2
Bxf3  13. gxf3  g5
14. Kh1  Ne6  15. Be3
Rc8  16. Rad1  Qa5
17. Qa4  Qxa4  18. Bxa4
Bc5  19. Nd5  Nxd5
20. exd5  Nd4  21. Bxg5
Rg8  22. Bf6  Rg6
23. Bxe5  Nxf3  24. Bg3
Rd8  25. Bc7  Rgd6
26. Bxd8  Rxd8  27. Rc1
Bd6  28. Rc3  Ng5
29. Rfc1  Ke7  30. Re3+
Kf6  31. Re8  Rxe8
32. Bxe8  Bf4  33. Re1
Nf3  34. Re4  Bxh2
35. Kg2  Ng5  36. Rh4
Bd6  37. f4  Ne4
38. Rxh7  Bxf4  39. Rxf7+
Ke5  40. Rxb7  Nd6
41. Re7+  Kxd5  42. Bf7+
Nxf7  43. Rxf7  Be5
44. Rxa7  Bxb2  45. Rb7
Bd4  46. a4  Kc6
47. Rb5  Bb6  48. Kf3
Bd4  49. Ke4  Bc3
50. Kd3  Be5  51. Rxe5
1-0

[Event "MCR mladeze, Kouty 2018 - D14"]
[Site "Kouty nad Desnou"]
[Date "2018.03.14"]
[Round "6"]
[White "Vsetulova, Viktorie"]
[Black "Ruzickova, Ema"]
[Result "1-0"]
[WhiteElo "1457"]
[BlackElo "1306"]
[EventDate "2018.03.10"]

1. e4  e5  2. Nf3  Nc6
3. d4  exd4  4. Nxd4
Nf6  5. Nc3  Bb4
6. Nxc6  bxc6  7. Bd3
O-O  8. O-O  h6
9. Qf3  d5  10. exd5  cxd5
11. h3  Bb7  12. Ne2
Ne4  13. Rd1  Qe7
14. Ng3  Bc5  15. Rf1
Rab8  16. Nf5  Qe6
17. b3  Qe5  18. Rb1
Nc3  19. Bb2  d4
20. Qg4  Qf6  21. Bxc3
dxc3  22. Rbd1  Qg5
23. Qxg5  hxg5  24. Rfe1
Rfe8  25. Bc4  Be4
26. Ng3  Bxc2  27. Rxe8+
Rxe8  28. Rc1  Bg6
29. Rxc3  Kf8  30. Bxf7
1-0

[Event "MCR mladeze, Kouty 2018 - D14"]
[Site "Kouty nad Desnou"]
[Date "2018.03.14"]
[Round "6"]
[White "Habinova, Alice"]
[Black "Lhotska, Anna"]
[Result "0-1"]
[WhiteElo "1327"]
[BlackElo "1647"]
[EventDate "2018.03.10"]

1. e4  c5  2. Nc3  d6
3. f4  Nc6  4. Nf3
Nf6  5. Be2  g6
6. O-O Bg7  7. d3  O-O  8. Bd2
a6  9. Qe1  b5
10. f5  b4  11. Na4  Qa5
12. b3  Ng4  13. Rd1
Bd7  14. Nh4  Bd4+
15. Kh1  Ne3  16. Bxe3
Bxe3  17. Qg3  Bh6
18. fxg6  fxg6  19. Bh5
Bg7  20. Bxg6  hxg6
21. Nxg6  Rf7  22. Rxf7
Kxf7  23. Rf1+  Bf6
24. e5  dxe5  25. Nxe5+
Nxe5  26. Qxe5  Rc8
27. Qd5+  Be6  28. Qg5
Rg8  29. Qxc5  Qxc5
30. Nxc5 Bd5  31. Rf2  Ke8
32. Nxa6  Bb7  33. Nxb4
Bd4  34. Re2  Bf3
35. Rd2  Be3  36. Na6
Bxd2  37. gxf3  Be3
38. h3  Bf4  39. Nb4
Rg3  40. Nd5  Rxh3+
41. Kg2  Rh2+  42. Kg1
Bd6  43. Ne3  Re2
44. Nf5  Rxc2  0-1

[Event "MCR mladeze, Kouty 2018 - D14"]
[Site "Kouty nad Desnou"]
[Date "2018.03.14"]
[Round "6"]
[White "Vavrinkova, Anna"]
[Black "Leksova, Sona"]
[Result "1-0"]
[WhiteElo "1565"]
[BlackElo "1382"]
[EventDate "2018.03.10"]

1. e4  e5  2. Nf3  Nc6
3. Bb5  Nd4  4. Nxd4
exd4  5. O-O  Nf6
6. d3  c6  7. Bc4
d5  8. exd5  Nxd5
9. Re1+  Be7  10. Nd2
O-O  11. Ne4  Nf6
12. a3  Qc7  13. Qe2
Nxe4  14. dxe4  Be6
15. b4  Bd6  16. h3
b5  17. Bd3  Bh2+
18. Kh1  Bf4  19. Bb2
Be5  20. Rac1  a5
21. c3  dxc3  22. Bxc3
Bxc3  23. Rxc3  axb4
24. axb4  Ra2  25. Rc2
Rxc2  26. Qxc2  Qd6
27. Qc3  f5  28. Kg1
f4  29. Rc1  Bd7
30. e5  Qh6  31. Be4
Rc8  32. Bf3  Qg6
33. Kf1  Be6  34. Rd1
Bc4+  35. Kg1  c5
36. bxc5  Rxc5  37. Qd4
Rc8  38. Bd5+  Kf8
39. Qxf4+  Ke8  40. Bxc4
Rxc4  41. Qd2  Qe6
42. Qd8+  Kf7  43. Rd7+
Kg6  44. Rd6  Qxd6
45. exd6  Rc1+  46. Kh2
Rd1  47. d7  Rd6
48. Qe8+  Kh6  49. d8=Q
Rxd8  50. Qxd8  1-0

[Event "MCR mladeze, Kouty 2018 - D14"]
[Site "Kouty nad Desnou"]
[Date "2018.03.14"]
[Round "6"]
[White "Saskova, Renata"]
[Black "Pluharova, Asja"]
[Result "1-0"]
[WhiteElo "1307"]
[BlackElo "1159"]
[EventDate "2018.03.10"]

1. e4  c5  2. Nf3  d6
3. Be2  Nf6  4. Nc3
e6  5. O-O  Be7
6. Re1  O-O  7. d3  Nc6
8. Bf4  Bd7  9. Qd2
a6  10. a3  Rc8
11. Bg3  Ng4  12. h3  Nge5
13. Rad1  Bf6  14. Nxe5
Nxe5  15. Kh1  b5
16. f4  Nc6  17. b3
Rb8  18. Bg4  Qc7
19. f5  exf5  20. Bxf5
Bxf5  21. exf5  Rfe8
22. Nd5  Qd8  23. Rxe8+
Qxe8  24. Nxf6+  gxf6
25. Bxd6  Rd8  26. Qf4
Qe2  27. Rc1  Nd4
28. Bxc5  Nxc2  29. Qg4+
Qxg4  30. hxg4  Nd4
31. b4  Nb3  32. Rc3
Nd2  33. Be7  Re8
34. Bxf6  Nb1  35. Rc6
Nxa3  36. Rxa6  Nc2
37. d4  Nxb4  38. Ra5
Nc6  39. Rxb5  Ne7
40. Bxe7  Rxe7  41. f6
Re8  42. d5  h6
43. d6  Rd8  44. Rd5  Kh7
45. g3  Kg6  46. Kg2
Kxf6  47. Rh5  Kg6
48. Rd5  Kf6  49. Rf5+
Kg6  50. Rd5  Kf6
51. d7  Ke6  52. Rh5
Rxd7  53. Rxh6+  Ke7
54. g5  Rd5  55. g6
Rd6  56. g7  Rxh6
57. g8=Q  Rg6  58. Qb8
Rd6  59. Qc7+  Ke6
60. Kf3  Rd3+  61. Kf4
Rd4+  62. Ke3  Rd5
63. g4  Re5+  64. Kf4
Rd5  65. Qc6+  Rd6
66. Qe4+  Kd7  67. g5
Re6  68. Qd5+  Ke7
69. Kf5  Rd6  70. Qb7+
Rd7  71. Qe4+  Kd8
72. g6  fxg6+  73. Kxg6
Rd6+  74. Kf5  Kd7
75. Qb7+  Ke8  76. Qb8+
Ke7  77. Ke5  Re6+
78. Kd5  Rg6  79. Qe5+
Kf7  80. Qc7+  Kf6
81. Qf4+  Kg7  82. Ke5
Kh7  83. Qf7+  Rg7
84. Qh5+  Kg8  85. Kf6
Rh7  86. Qg6+  1-0